[Event "Promotion Vitrolles 03/04"]
[Site "?"]
[Date "2004.02.07"]
[Round "7"]
[White "Andreis, Pierre"]
[Black "Nakache, Jonathan"]
[Result "0-1"]
[WhiteElo "1700"]
[BlackElo "1560"]
[PlyCount "46"]

1. e4 e5 2. d4 exd4 3. Qxd4 Nc6 4. Qe3 4... d6 {
on joue plutot 4...Nf6 5.Nc3 Bb4 6.Bd2 0-0 7.0-0-0 Re8 =/+} 5. Bc4 Nf6 6. Nc3
Be7 7. Bd2 O-O 8. O-O-O a5 9. f3 Ne5 10. Bb3 {10.Be2 Be6 =} 10... c5 $6 (
10... b5 11. f4 ({pas} 11. Nxb5 $2 11... a4 12. Bd5 c6 (12... Nxd5 $6 13. exd5
Rb8 14. Na3 $11) 13. Bxc6 13... Nxc6 $19) 11... a4 12. Bd5 Nxd5 13. Nxd5 13...
Nc4 $15) 11. g4 11... Bd7 $6 {les Noirs preparent ...a4} (11... b5 12. g5 c4
13. gxf6 (13. Nxb5 $143 13... cxb3 14. gxf6 14... bxa2 $19) 13... Bxf6 14. Ba4
bxa4 15. Nxa4 15... Rb8 $15) 12. Bd5 {12.g5!? Ne8 13.f4 +/=} 12... Nxd5 $11
13. Nxd5 {
plus faible est 13.exd5 Nc4 14.Qd3 Nxd2 15.Qxd2 Bxg4 -/+ gagnant un P} 13...
b5 14. Ne2 14... a4 {Les Noirs gagnent de l'espace} 15. Nxe7+ {15.Nef4 b4 =}
15... Qxe7 $15 16. h4 b4 17. Nf4 17... Nc4 {les Noirs preparent a3} 18. Qf2 $4
{#
un grand pas vers l'abime >= 18.Qe2 Be6 19.Kb1 b3 =/+} 18... a3 $19 (
18... Nxd2 $6 {est clairement inferieur} 19. Qxd2 (19. Rxd2 $2 19... a3 20. Nd5
axb2+ 21. Kxb2 Qe5+ 22. Kb1 Rxa2 23. c3 Ra3 24. Ra2 Rxa2 25. Qxa2 (25. Kxa2 Be6
26. Kb1 Bxd5 27. exd5 27... Qxc3 $19) 25... Qg3 $19) 19... Be6 20. Qxd6 Qxd6
21. Rxd6 Bxa2 22. Rc6 $11) 19. Nd3 {19.b3 ne perd qu'une piece Qf6 20.c3 bxc3
21.bxc4 cxd2+ 22.Kxd2 Qxf4+ 23.Qe3 -+} 19... axb2+ 20. Kb1 $2 (20. Nxb2 {
quoi d'autre?} 20... Qe5 21. c3 Nxb2 22. Bf4 (22. Kxb2 bxc3+ 23. Bxc3 Rfb8+ 24.
Kc1 (24. Kc2 {mene au mat} 24... Rxa2+ 25. Kd3 c4+ 26. Ke3 Qxc3+ 27. Kf4 Qe5+
28. Ke3 Rb3+ 29. Rd3 Rxd3#) 24... Qxc3+ 25. Qc2 Qa3+ 26. Kd2 26... Rb2 $19 {
gagne la dame}) 22... Nxd1 23. Bxe5 Nxf2 24. Bxd6 Nxh1 25. cxb4 25... Rfc8 $19)
20... Rxa2 $3 21. Kxa2 {21.Nxb2 ne change rien Rxb2+ 22.Kc1 Ra8 23.Qxc5 Ra1#}
21... Ra8+ 22. Kb3 Ra3+ 23. Kxc4 23... Qe6# {une belle attaque des Noirs} 0-1

[Event "Promotion Vitrolles 03/04"]
[Site "?"]
[Date "2004.02.07"]
[Round "7"]
[White "Bordenave, Robert"]
[Black "Bouriel, Michel"]
[Result "1-0"]
[WhiteElo "1690"]
[BlackElo "1390"]
[PlyCount "113"]

1. d4 Nf6 2. Nf3 e6 3. Bf4 3... Bb4+ {
3...Be7 4.Nc3} 4. c3 {4.Nbd2 d5 5.e3 +/=} 4... Be7 $11 5. h3 {
donne une case de retraite au Bf4} 5... b6 6. Nbd2 Bb7 7. e3 c5 8. Be2 O-O 9.
O-O Na6 10. Re1 Nc7 11. Bf1 Nfd5 12. Bh2 Rc8 13. a4 cxd4 14. exd4 {
14.Nxd4 Nf6 15.a5 +/=} 14... Ne8 {14...d6 15.a5 b5 =} 15. Qc2 {
15.a5 Nef6 +/=} 15... Bd6 16. Bxd6 Nxd6 17. Ne5 Nf5 18. Qb1 d6 19. Nef3 Nh4
20. Qe4 Nxf3+ 21. Nxf3 $11 21... Qe7 22. Bd3 Nf6 23. Qe3 Nd5 24. Qd2 Nf6 25.
Qd1 25... Bxf3 {25...Qc7 26.Ng5 =} 26. Qxf3 $14 26... Nd5 $4 {
26...Qc7 27.g4 =} 27. Qh5 {27.Qxd5 +- gagne une piece} 27... h6 $4 {
27...Nf6 c'est la derniere chance 28.Qh4 Rfe8 +/=} 28. Qxd5 Rfe8 29. Qe4 f5
30. Qf3 g6 31. Qg3 {31.Bb5 Rf8 32.Qe3 +-} 31... Kh7 32. Qe3 Rc7 33. Re2 {
33.Bb5!? f4 34.Qe4 Rf8 35.Qxe6 +-} 33... Qf6 34. f4 Rce7 35. Qd2 {35.Bb5 +-
} 35... e5 36. dxe5 dxe5 37. Bb5 Rc8 38. Rxe5 Rc5 39. Rxe7+ Qxe7 40. Re1 Qg7
41. Qd7 {>= 41.Qd6 finit l'adversaire (/\ Re7) Rc7 42.Be8 (/\ Bxg6+) +-}
41... Qxd7 42. Bxd7 Rd5 43. Bb5 h5 44. Re7+ Kh6 45. Rxa7 Rd2 46. Rb7 Rxb2 47.
Rxb6 Rb1+ 48. Kh2 Rc1 49. c4 Rf1 50. Kg3 Rb1 51. a5 Rb3+ 52. Kh2 h4 53. a6 Ra3
54. Be8 Kg7 55. Bxg6 Kh6 56. Bxf5+ Kh5 57. Bg4# 1-0

[Event "Promotion Vitrolles 03/04"]
[Site "?"]
[Date "2004.03.21"]
[Round "8"]
[White "Nakache, Jonathan"]
[Black "Bordenave, Robert"]
[Result "1/2-1/2"]
[WhiteElo "1540"]
[BlackElo "1690"]
[PlyCount "63"]

1. e4 c6 2. d4 d5 3. exd5
cxd5 4. Bd3 Nf6 5. c3 5... Bg4 {
5...Nc6 est plus precis 6.Bf4 Bg4 7.Qb3 Qd7 8.Nd2 +/=} 6. Qb3 6... Bc8 $6 {
un peu passif 6...Qd7 +/=} 7. Bf4 e6 8. Nf3 Be7 9. Nbd2 Nbd7 10. O-O O-O 11.
Rac1 a6 12. c4 {12.Ne5 Nxe5 13.dxe5 Nd7 +/=} 12... dxc4 $11 13. Nxc4 Nd5 14.
Bg3 N7f6 15. Nfe5 Nh5 16. Be4 Nxg3 17. fxg3 17... f6 {17...Bg5 18.Rce1 =} 18.
Nd3 (18. Bxd5 Qxd5 19. Nb6 Qxb3 20. axb3 Rb8 21. Ned7 Bxd7 22. Nxd7 Rbd8 23.
Nxf8 Kxf8 24. Rfe1 $14) 18... Rb8 19. Bxd5 exd5 (19... Qxd5 $142 $5 {
merite de la consideration} 20. Rfd1 b6 (20... Qxd4+ $2 {
ne marche pas a cause de} 21. Nf2 Qc5 22. Nb6 $18) 21. Nf4 21... Qb5 $11) 20.
Nb6 $16 20... Kh8 {>= 20...Be6 +/-} 21. Qxd5 $4 {
redonne l'avantage a l'adversaire 21.Nxc8 Rxc8 22.Qxb7 Rc4 +/-} 21... Qxd5 $4
{laisse un gout amer >= 21...Qxb6 22.Rfe1 Bd6 -+} 22. Nxd5 $16 22... Bd6 23.
Rfe1 Bd7 24. Nb6 24... Bb5 {>= 24...Bf5 25.Nc5 Rfd8 +/-} 25. a4 $4 {
25.Nc5 Bxc5 26.Rxc5 Rbd8 27.a4 +-} 25... Be8 $4 {
un coup malheureux qui ote la victoire >= 25...Bxd3 26.Nd7 Bb4 -+} 26. Re6 {
>= 26.Nc4 Bc7 27.Nc5 +-} 26... Bb4 $4 {26...Rd8 27.Nc5 Bf7 28.Ree1 +/-} 27.
Re2 $2 {>=27.Nxb4 a5 28.N4d5 +-} 27... Bd6 $18 28. Rec2 {28.Nc5 Kg8 +-}
28... Rd8 $16 29. Rc8 Bf7 30. Rxd8 Rxd8 31. Rc8 Rxc8 32. Nxc8 (32. Nxc8 Bf8 33.
Nc5 Bxc5 34. dxc5 $16) 1/2-1/2

[Event "Promotion Vitrolles 03/04"]
[Site "?"]
[Date "2004.03.20"]
[Round "8"]
[White "Alpe, Jean-Charles"]
[Black "Damofli, Jean"]
[Result "0-1"]
[WhiteElo "1430"]
[BlackElo "1430"]
[PlyCount "78"]

1. d4 g6 2. c4 Bg7 3. Nc3 c6 4.
e4 d6 5. Nge2 Nd7 6. g3 e5 7. Bg2 Ne7 8. O-O O-O 9. d5 (9. b3 f5 10. exf5 gxf5
11. Kh1 Ng6 12. dxe5 dxe5 13. Ba3 Re8 14. Qc2 Nf6 15. Rad1 Qc7 16. Bh3 f4 17.
Bxc8 Qxc8 18. Ne4 Qh3 19. Ng1 Qh5 20. Nxf6+ Bxf6 21. Qe4 Rad8 22. Nf3 Qh3 23.
Bb2 23... Rxd1 {Petrosian,T-Cardoso,R/Manila 1974/MCD/1-0 (36)}) 9... c5 10. b3
10... f5 {Les Noirs ebranlent la chaine de pions} 11. f3 Nf6 12. a3 a6 13. Rb1
fxe4 14. Nxe4 Nf5 15. N2c3 15... Nd4 {Une superbe case!} 16. f4 Bf5 17. Rb2 $6
{17.Qd3!? =} 17... Nxe4 $17 18. Nxe4 Bxe4 19. Bxe4 exf4 20. Rbf2 {
20.gxf4 b5 21.Rg2 =/+} 20... Qe7 $17 21. Bh1 (21. Bf3 Be5 22. Kg2 fxg3 23.
hxg3 Nf5 24. Bg4 Nxg3 25. Be6+ Kh8 26. Rf7 Rxf7 27. Rxf7 Qh4 28. Qe1 g5 29. Bb2
Bxb2 30. Qxg3 Qxg3+ 31. Kxg3 h5 32. a4 $17 {
et malgre les 2P de moins, les Blancs peuvent encore se battre pour la nulle})
21... fxg3 22. Rxf8+ {22.hxg3 Rxf2 23.Rxf2 Re8 -+} 22... Rxf8 23. Rxf8+ {
23.hxg3 Qe2 24.Bg2 Rxf1+ 25.Qxf1 Qe7 -+} 23... Qxf8 (23... Bxf8 $142 $5 {
semble meme mieux} 24. hxg3 Qe2 25. Qf1 Qxf1+ 26. Kxf1 Nxb3 27. Bf4 27... Na5
$19) 24. hxg3 24... Nf5 {24...Qe7 25.Bf4 g5 -+} 25. Qe1 {
le probleme des Blancs est d'arriver a faire jouer leur fous. 25.Bf4!? -/+}
25... Be5 $19 26. g4 Nd4 27. Qd1 27... Qf7 {>= 27...Bf4 28.Bxf4 Qxf4 -+} 28.
Bf3 $4 {enterine  la situation >= 28.Bg5 -+} 28... Qf6 $2 {
28...Nxf3+ gagne la piece 29.Kf2 Nh4+ 30.Ke2 Qf3+ 31.Kd2 Qg3 -+} 29. Kg2 {
29.Bg2 Bg3 30.Be3 Bh2+ 31.Kxh2 Qe5+ 32.Kh1 Qxe3 (/\...Ne2) 33.Qg1 Qxg1+ 34.
Kxg1 Nxb3 -+} 29... Qh4 30. Qh1 {
il vallait mieux ne pas echanger les Q 30.Kf1 -+} 30... Qxh1+ {il y avait
un mat force : 30...Qg3+ 31.Kf1 Nxf3 32.Bb2 Qe1+ 33.Kg2 Qe2+ 34.Kh3 Qf2 35.
Bxe5 Ng5#} 31. Kxh1 Nxf3 32. Kg2 Nd4 33. b4 Nb3 34. bxc5 34... Nxc5 {
Il suffit de prendre la piece : 34...Nxc1!? 35.c6 bxc6 36.dxc6 d5 37.cxd5 Na2
-+ suivi de ...Nc3} 35. Kf3 Kg7 36. Bd2 h6 37. Be3 b6 38. Bc1 g5 39. Ke3 Bf4+
(39... Bf4+ 40. Ke2 40... Bxc1 $19) 0-1

[Event "Promotion Vitrolles 03/04"]
[Site "?"]
[Date "2004.03.27"]
[Round "9"]
[White "Bordenave, Robert"]
[Black "Baquer, Marc"]
[Result "1/2-1/2"]
[WhiteElo "1690"]
[BlackElo "1600"]
[PlyCount "52"]

1. d4 Nf6 2. Bf4 g6 3. h3 Bg7 4. e3
O-O 5. Be2 d6 6. Nf3 Nbd7 7. O-O Nh5 8. Bh2 c5 9. c3 Qb6 10. Qb3 Qxb3 11. axb3
a6 12. Nbd2 Nhf6 13. Rfe1 Re8 14. Red1 cxd4 15. exd4 Nf8 16. b4 Bd7 17. Bc4 h6
18. Re1 18... Rac8 {18...b5 19.Bb3 Bc6 =} 19. Bb3 {19.Ra5 Bc6 +/=} 19...
Bc6 20. Re2 Bd5 21. Bxd5 Nxd5 22. Rae1 Ne6 23. Re4 Nf6 24. R4e2 Nd5 25. Re4 Nf6
26. R4e2 Nd5 1/2-1/2

[Event "Promotion Vitrolles 03/04"]
[Site "?"]
[Date "2004.03.27"]
[Round "9"]
[White "Mengus, Michel"]
[Black "Bouriel, Michel"]
[Result "1-0"]
[WhiteElo "1760"]
[BlackElo "1390"]
[PlyCount "73"]

1. e4 e5 2. d4 exd4 3. Qxd4 Nc6 4. Qe3 Be7 5. Nc3 Bb4
6. Bd2 6... d6 {6...Nf6 7.a3 Ba5 8.Bd3 =} 7. O-O-O {
7.Qg3 Nf6 8.Qxg7 Rg8 9.Qh6 Rg6 10.Qe3 +/=} 7... Nf6 $11 8. Bc4 Bc5 9. Qg3
9... g6 {>= 9...Nh5!? 10.Qg5 Qxg5 11.Bxg5 Be6 12.Nd5 Kd7 =} 10. Bg5 $16 10...
Nh5 {10...h6 11.Bxf6 Qxf6 12.Nd5 Qd8 13.Qc3 Rf8 (13...0-0 14.Nf3 Bb6 15.Nf6+
Kh8 16.Nd7+ Kh7 17.Nxf8+ Qxf8 +-) 14.Nf6+ Ke7 +/-} 11. Qh4 (11. Bxf7+ $5 11...
Kf8 (11... Kxf7 12. Qf3+ Nf6 13. Nd5 Ne5 14. Qxf6+ Qxf6 15. Bxf6 Rf8 16. Nxc7
Bg4 17. f3 Rac8 18. Nd5 $18) 12. Qh4 Bxf2 13. Bxd8 (13. Qxf2 $6 13... Qxg5+ 14.
Rd2 14... Kg7 $14) 13... Bxh4 14. Bxh4 Kxf7 15. Nd5 $18) 11... f6 12. Bd2 Bd7
13. g4 13... Ng7 {>= 13...Ne5!? 14.Be2 Ng7 15.f4 +/-} 14. Nd5 $18 14... Kf8
15. f4 15... f5 {>= 15...h5 16.Bc3 Bxg4 17.Bxf6 Qd7 +-} 16. g5 $4 {
16.Qh6 Bd4 17.gxf5 gxf5 18.Nf3 +-} 16... fxe4 17. Qh6 $5 {#  Fritz prefere :
17.Bc3 Nf5 18.Qh3 Bd4 19.Rxd4 Ncxd4 20.Bxd4 Nxd4 21.Qh6+ Kf7 22.Nxc7+ Be6 23.
Nxe6 Nxe6 24.f5 d5 25.fxe6+ Kxe6 26.Bb5 +/- mais au vu des variantes au 17eme
coup des Noirs, ce n'est pas evident} 17... Ne7 (17... Bd4 18. Ne2 Be6 19.
Rhf1 (19. Nxd4 $6 19... Nxd4 20. Ba5 20... Ndf5 $11) 19... Kf7 20. f5 gxf5 (
20... Nxf5 21. Rxf5+ gxf5 22. Nef4 $18) 21. Nef4 Bxd5 22. Nxd5 Ne5 23. Bb3 c6 (
23... b5 24. Ba5 Nc4 25. Bxc4 Bxb2+ 26. Kxb2 bxc4 27. Bxc7 Qd7 28. Qf6+ $18)
24. Ba5 Ng4 25. Nf6+ d5 26. Nxg4 Qxa5 27. Rxd4 $18) 18. Nf6 {
18.Bc3 Nef5 19.Bxg7+ Nxg7 20.Nf6 +-} 18... Nef5 $2 {>= 18...d5 19.Bc3 Nef5
20.Nxd7+ Qxd7 21.Rxd5 Qxd5 22.Bxg7+ Ke7 23.Bxd5 Nxh6 24.Bxe4 Ng4 25.Bxh8 Rxh8
+/-} 19. Nxh7+ $18 19... Ke7 20. Qxg6 20... Be6 $4 {le moins mauvais est 20..
.Be8 21.Qf6+ Kd7 22.Be6+ Nxe6 23.Qxh8 Bd4 24.Nf8+ Nxf8 25.Qxf8 Bg6 26.Qxd8+
Rxd8 +-} 21. Bxe6 Nxe6 22. Qxf5 d5 23. Ne2 23... Qd7 {
si 23...Qd6 24.Bc3 d4 25.Qf6+ Kd7 26.Nxd4 +-} 24. Qf6+ {
>= 24.Bc3 Raf8 25.Bf6+ Ke8 26.Rxd5 Bd6 +-} 24... Kd6 25. g6 Qe7 26. Qe5+ Kd7
27. Qxd5+ {27.Nf6+ Kc8 28.Nxd5 Qe8 29.f5 +-} 27... Bd6 28. Bc3 c6 29. Qxe4
Rae8 30. Nf6+ {>= 30.Bf6 Rxh7 31.Bxe7 Rhxe7 +-} 30... Kc8 31. Nxe8 Rxe8 32.
f5 Ba3 33. Qxe6+ Qxe6 34. fxe6 Be7 35. Rhg1 Bc5 36. Bd4 Bxd4 37. Nxd4 1-0